000
00303nam a22001457a 4500
008
221017b ||||| |||| 00| 0 eng d
020
_a
9780030355028
041
_a
eng
080
_2
NINTH EDITION
_a
330
082
_a
330
100
_a
23.1
101
_a
ECO
245
_a
BAUMOL W
942
_2
udc
_c
BK
999
_c
58589
_d
58589